Statistics for Inter Milan 2018/2019 Squad

Click here to take the quiz!

General Stats

  • This quiz has been taken 109 times
    (79 since last reset)
  • The average score is 18 of 28

Answer Stats

No.Answer% Correct
9Belgium (FW)Romelu Lukaku
99%
1Slovenia (GK)Samir Handanović
97%
2Uruguay (DF)Diego Godín
96%
7Chile (FW)Alexis Sánchez
91%
77Croatia (MF)Marcelo Brozović
90%
10Argentina (FW)Lautaro Martínez
87%
6Netherlands (DF)Stefan de Vrij
86%
-Italy (MAN)Antonio Conte
80%
8Uruguay (MF)Matías Vecino
75%
37Slovakia (DF)Milan Škriniar
75%
23Italy (MF)Nicolò Barella
72%
18Ghana (MF)Kwadwo Asamoah
71%
95Italy (DF)Alessandro Bastoni
68%
20Spain (MF)Borja Valero
65%
87Italy (MF)Antonio Candreva
61%
33Italy (DF)Danilo D'Ambrosio
61%
12Italy (MF)Stefano Sensi
61%
5Italy (MF)Roberto Gagliardini
58%
13Italy (DF)Andrea Ranocchia
54%
27Italy (GK)Daniele Padelli
49%
46Italy (GK)Tommaso Berni
49%
19Austria (MF)Valentino Lazaro
49%
16Italy (FW)Matteo Politano
45%
30Italy (FW)Sebastiano Esposito
41%
32France (MF)Lucien Agoumé
39%
21Italy (DF)Federico Dimarco
35%
34Italy (MF)Cristiano Biraghi
32%
31Italy (DF)Lorenzo Pirola
17%

Score Distribution

Percentile by Number Answered

Percent of People with Each Score

Your Score History

You have not taken this quiz since the last reset